000 02817cjm a2200637 i 4500
001 data
005 20260322212122.0
007 data
008 data
035 _a23336668
906 _a7
_bcbc
_ccopycat
_d2
_encip
_f20
_gy-soundrec
925 0 _aacquire
_b2 shelf copies
_xpolicy default
010 _a 2023626841
024 1 _a030206211726
028 0 2 _a302 062 117 2
_bFynsworth Alley/Varèse Sarabande
033 0 _b4034
_cD2
035 _a(OCoLC)47734052
_z(OCoLC)178622481
040 _aWIQ
_beng
_erda
_cWIQ
_dDLC
_dOCLCQ
_dBTCTA
_dOCLCG
_dDRB
_dOCLCG
_dOCLCF
_dOCLCO
_dOCLCQ
_dIOU
_dOCLCQ
_dOCLCO
_dTXKIP
_dOCLCQ
_dDLC
042 _alccopycat
043 _an-us-tx
045 0 _bd1978
050 0 0 _aSDD 70382
082 0 4 _a782.1/4
_221
100 1 _aHall, Carol,
_d1936-2018,
_eperformer.
_elyricist,
_eperformer.
240 1 0 _aBest little whorehouse in Texas
245 1 4 _aThe best little whorehouse in Texas :
_bthe new cast recording /
_cmusic and lyrics by Carol Hall ; book by Larry L. King and Peter Masterson.
264 1 _a[United States] :
_bFynsworth Alley/Varèse Sarabande,
_c[2001]
264 2 _aUniversal City, CA :
_bDistributed by Universal Music & Video Distribution
264 4 _c℗2001
300 _a1 audio disc ;
_c4 3/4 in.
336 _aperformed music
_bprm
_2rdacontent
337 _aaudio
_bs
_2rdamedia
338 _aaudio disc
_bsd
_2rdacarrier
344 _adigital
_2rdatr
344 _boptical
_2rdarm
344 _c1.4 m/s
344 _gstereo
_2rdacpc
347 _aaudio file
_2rdaft
347 _bHDCD
_bHDCD
500 _aTitle from disc label; statement of responsibility from container.
500 _aProgram notes and synopsis by Bert Fink (12 unnumbered pages : illustrations) inserted in container.
505 0 _a20 fans -- A lil' ole bitty pissant country place -- Girl, you're a woman -- Texas has a whorehouse in it -- Twenty-four hours of lovin' -- Doatsy Mae -- The Aggie song -- The bus from Amarillo -- Entr'acte -- The sidestep -- No lies -- Good old girl -- Hard candy Christmas -- A friend to me -- Finale -- Bonus track: A friend to me (performed by Carol Hall).
508 _aAlbum produced by Bruce Kimmel.
511 0 _aAnn-Margret, Gary Sandy, with supporting performers; instrumental ensemble (called the Hired Hand Band) ; Keith Levenson, keyboard, conductor.
518 _oRecorded at
_pDallas Sound Lab, Dallas, TX.
650 0 _aMusicals.
650 7 _aMusicals.
_2fast
_0(OCoLC)fst01030814
655 4 _aMusicals.
655 7 _aMusicals.
_2lcgft
700 1 _aKing, Larry L.,
_elibrettist.
700 1 _aMasterson, Peter,
_elibrettist.
700 0 _aAnn-Margret,
_d1941-
_esinger.
700 1 _aSandy, Gary,
_esinger.
700 1 _aLevenson, Keith,
_econductor.
_econductor.
999 _c1881
_d1881